Saite forts in Egypt : Political-military history of the Saite Dynasty /

محفوظ في:

المؤلف الرئيسي: Smoláriková, Květa, ‪ 1961- (مؤلف)

مؤلفون مشاركون: Český egyptologický ústav., Univerzita Karlova. Filozofická fakulta.

التنسيق: كتاب

اللغة: English

منشور في: Prague : Faculty of Arts, Charles University in Prague, Czech Institute of Eguptology : 2008.

الموضوعات:

الوسوم: إضافة وسم

لا توجد وسوم, كن أول من يضع وسما على هذه التسجيلة!

رقم الطلب: DT83 .S6

LEADER 01101nam a22003017a 4500
003 OSt
005 20260210123159.0
008 260210t2008 xr b 001 0 eng d
020 |a 8073082330 
020 |a 9788073082338 
040 |c ARCE Library 
043 |a f-ua--- 
050 1 4 |a DT83  |b .S6 
100 1 |a Smoláriková, Květa, ‪  |d 1961-   |e author  |9 40242 
245 1 0 |a Saite forts in Egypt :   |b Political-military history of the Saite Dynasty /   |c Květa Smoláriková. 
264 1 |a Prague :   |b Czech Institute of Eguptology :   |a Faculty of Arts, Charles University in Prague,   |c 2008. 
300 |a 139 pages :   |b illustrations, maps, plans ;   |c 24 cm. 
504 |a Includes bibliographical references (pages 125-134) and index. 
650 0 |a Fortification  |z Egypt. 
650 0 |a Military history, Ancient. 
651 0 |a Egypt  |x History  |y 30 B.C.-640 A.D. 
651 0 |a Egypt  |x History, Military. 
651 0 |a Egypt  |x Kings and rulers. 
710 2 |a Český egyptologický ústav. 
710 2 |a Univerzita Karlova.  |b Filozofická fakulta. 
901 |a reviewed 
942 |c BK  |2 lcc 
999 |c 22927  |d 22927